Organizacija truda i processa dobyči ugľa na šachtach.

Uložené v:
Podrobná bibliografia
Hlavný autor: Sivyn, Vladimir Borisovič
Médium: Kniha
Jazyk:Slovak
Vydané: 1967.
Tagy: Pridať tag
Žiadne tagy, Buďte prvý kto otaguje tento záznam!

MARC

LEADER 00000nam a22000004a 4500
001 000529310
005 20161213094753.0
008 161213s1967 xo e 000 0 slo d
040 |a SVKKK  |b slo  |c SVKKK  |e AACR2 
100 1 |a Sivyn, Vladimir Borisovič 
245 1 0 |a Organizacija truda i processa dobyči ugľa na šachtach. 
260 |c 1967. 
500 |a Záznam revízie 
910 |a svkkk 
998 |a BK 
090 |g SCKHL  |k Sklad  |a X0.7823  |j 034288  |i 529310-10  |4 Zastaraná  |s Vyradená